Dzielnice Sanoka z mapą - Statystyki

Ogólne statystyki
  • Ten quiz został rozwiązany 11 razy
  • Średni wynik to 6 z 7
Odpowiedzi na mapie
Odpowiedzi zakodowano w zielono-czerwonej skali na mapie do tego quizu, zgodnie z poniższymi procentami.
 
Statystyki odpowiedzi
Populacja Odpowiedź % Poprawnych
2 667 Olchowce
90%
5 808 Posada
90%
11 463 Wójtostwo
90%
4 866 Błonie
80%
3 866 Dąbrówka
80%
1 633 Zatorze
80%
5 869 Śródmieście
70%
Nie znaleziono quizów pasujących do podanych kryteriów
Rozkład punktacji
Procent ludzi z każdym wynikiem
Percentyl według liczby udzielonych odpowiedzi
Twoja historia wyników
Nie rozwiązałeś tego quizu